[Event "ST-2021-0-00181"]
[Site "LSS email"]
[Date "2021.02.16"]
[Round "?"]
[White "Noskov, Vladimir Valentinov"]
[Black "Enev, Zlatko"]
[Result "0-1"]
[WhiteElo "2416"]
[BlackElo "2378"]
[PlyCount "28"]
[EventDate "2021.01.06"]
[EventType "tourn (corr)"]
[EventRounds "6"]
[EventCountry "GER"]
[SourceTitle "Corr 2024"]
[Source "ChessBase"]
[SourceDate "2023.10.19"]
[SourceVersion "1"]
[SourceVersionDate "2023.10.19"]
[SourceQuality "1"]

1. e4 c5 2. Nf3 d6 3. d4 cxd4 4. Nxd4 Nf6 5. Nc3 a6 6. Bg5 Nbd7 7. Bc4 Qb6 8. Bb3 e6 9. Qd2 Be7 10. 0-0-0 Nc5 11. f3 Qc7 12. g4 b5 13. a3 Rb8 14. Ba2 b4 0-1

[Event "ST-2021-0-00181"]
[Site "LSS email"]
[Date "2021.02.14"]
[Round "?"]
[White "Sorcinelli, Andrea"]
[Black "Noskov, Vladimir Valentinov"]
[Result "1-0"]
[WhiteElo "2312"]
[BlackElo "2416"]
[PlyCount "64"]
[EventDate "2021.01.06"]
[EventType "tourn (corr)"]
[EventRounds "6"]
[EventCountry "GER"]
[SourceTitle "Corr 2024"]
[Source "ChessBase"]
[SourceDate "2023.10.19"]
[SourceVersion "1"]
[SourceVersionDate "2023.10.19"]
[SourceQuality "1"]

1. e4 c5 2. Nf3 d6 3. d4 cxd4 4. Nxd4 Nf6 5. Nc3 a6 6. f3 e5 7. Nb3 Be6 8. Be3 h5 9. Nd5 Bxd5 10. exd5 Nbd7 11. Qd2 g6 12. 0-0-0 Nb6 13. Kb1 Nbxd5 14. Bg5 Be7 15. g3 Qc7 16. c4 Nb6 17. Bxf6 Bxf6 18. Qxd6 Qxd6 19. Rxd6 Na4 20. Bh3 Be7 21. Rdd1 f5 22. Rhe1 Bf6 23. c5 0-0 24. Rc1 Rac8 25. Bf1 Kg7 26. Rc4 b5 27. cxb6 Rxc4 28. Bxc4 Rb8 29. Bxa6 Rxb6 30. Bf1 Rb4 31. Bd3 e4 32. fxe4 fxe4 1-0

[Event "WC-2021-T-00002"]
[Site "LSS email"]
[Date "2021.01.15"]
[Round "?"]
[White "Noskov, Vladimir Valentinov"]
[Black "Ketelhoehn, Bernd"]
[Result "0-1"]
[WhiteElo "2416"]
[BlackElo "2373"]
[PlyCount "25"]
[EventDate "2021.01.15"]
[EventType "tourn (corr)"]
[EventRounds "10"]
[EventCountry "GER"]
[SourceTitle "Corr 2024"]
[Source "ChessBase"]
[SourceDate "2023.10.19"]
[SourceVersion "1"]
[SourceVersionDate "2023.10.19"]
[SourceQuality "1"]

1. Nf3 d5 2. d4 c5 3. c4 dxc4 4. e3 cxd4 5. Bxc4 Qc7 6. Qb3 e6 7. exd4 Nf6 8. Nc3 Nc6 9. 0-0 Bd7 10. Qd1 Be7 11. Bg5 h6 12. Bxf6 Bxf6 13. d5 0-1

[Event "WC-2021-T-00002"]
[Site "LSS email"]
[Date "2021.01.15"]
[Round "?"]
[White "Noskov, Vladimir Valentinov"]
[Black "Susla, Vitaliy"]
[Result "0-1"]
[WhiteElo "2416"]
[BlackElo "2314"]
[PlyCount "40"]
[EventDate "2021.01.15"]
[EventType "tourn (corr)"]
[EventRounds "10"]
[EventCountry "GER"]
[SourceTitle "Corr 2024"]
[Source "ChessBase"]
[SourceDate "2023.10.19"]
[SourceVersion "1"]
[SourceVersionDate "2023.10.19"]
[SourceQuality "1"]

1. Nf3 d5 2. d4 Nf6 3. c4 c6 4. Nc3 e6 5. Bg5 h6 6. Bh4 dxc4 7. e4 g5 8. Bg3 b5 9. Ne5 Nbd7 10. f3 Nh5 11. Bf2 Nxe5 12. dxe5 Qxd1+ 13. Rxd1 Bg7 14. Bd4 Nf4 15. h4 Ng6 16. hxg5 hxg5 17. Rxh8+ Bxh8 18. Be3 Bd7 19. Bxg5 Bxe5 20. Be3 f5 0-1

[Event "SM-2013-0-00250"]
[Site "LSS email"]
[Date "2013.04.15"]
[Round "?"]
[White "Medvedev, Eduard"]
[Black "Noskov, Vladimir Valentinov"]
[Result "1/2-1/2"]
[WhiteElo "2182"]
[BlackElo "2264"]
[PlyCount "53"]
[EventDate "2013.03.25"]
[EventType "tourn (corr)"]
[EventRounds "6"]
[EventCountry "GER"]
[SourceTitle "Telechess CBM 167"]
[Source "ChessBase"]
[SourceDate "2015.07.13"]
[SourceVersion "1"]
[SourceVersionDate "2015.07.13"]
[SourceQuality "1"]

1. d4 Nf6 2. c4 e6 3. Nf3 d5 4. g3 Be7 5. Bg2 0-0 6. 0-0 dxc4 7. Ne5 c5 8. dxc5 Qc7 9. Nxc4 Qxc5 10. b3 Rd8 11. Nbd2 Qc7 12. Bb2 Nc6 13. Rc1 Bd7 14. e3 Rac8 15. Qe2 Be8 16. Rfd1 Qb8 17. Nf3 Rxd1+ 18. Qxd1 Rd8 19. Qe2 Nb4 20. Bd4 b5 21. Nce5 Rc8 22. Rxc8 Qxc8 23. Qb2 Nd7 24. Bxa7 Qa6 25. a3 Qxa7 26. axb4 Nxe5 27. Nxe5 1/2-1/2

[Event "WC-2015-Q-00017"]
[Site "LSS email"]
[Date "2012.09.11"]
[Round "?"]
[White "Noskov, Vladimir Valentinov"]
[Black "Wosch, Arkadiusz Janusz"]
[Result "1/2-1/2"]
[WhiteElo "2264"]
[BlackElo "2197"]
[PlyCount "52"]
[EventDate "2012.09.17"]
[EventType "tourn (corr)"]
[EventRounds "10"]
[EventCountry "GER"]
[SourceTitle "Telechess CBM 167"]
[Source "ChessBase"]
[SourceDate "2015.07.13"]
[SourceVersion "1"]
[SourceVersionDate "2015.07.13"]
[SourceQuality "1"]

1. d4 Nf6 2. c4 e6 3. Nf3 d5 4. g3 Be7 5. Bg2 0-0 6. 0-0 dxc4 7. Ne5 Nc6 8. Bxc6 bxc6 9. Nxc6 Qe8 10. Nxe7+ Qxe7 11. Qa4 e5 12. dxe5 Qxe5 13. Nc3 Ne4 14. Qxc4 Nxc3 15. bxc3 Be6 16. Qd3 Rfd8 17. Bf4 Rxd3 18. Bxe5 Rd2 19. e4 Bxa2 20. Bxc7 a5 21. f4 a4 22. Rf2 Rxf2 23. Kxf2 Bb3 24. Bd6 Rd8 25. e5 f6 26. Ke2 fxe5 1/2-1/2

[Event "SM-2011-0-00170"]
[Site "LSS email"]
[Date "2011.09.21"]
[Round "?"]
[White "Canizares Cuadra, Pedro"]
[Black "Noskov, Vladimir Valentinov"]
[Result "1/2-1/2"]
[WhiteElo "2248"]
[BlackElo "2251"]
[PlyCount "67"]
[EventDate "2011.08.15"]
[EventType "tourn (corr)"]
[EventRounds "6"]
[EventCountry "GER"]
[SourceTitle "Telechess CBM 159"]
[Source "ChessBase"]
[SourceDate "2014.03.17"]
[SourceVersion "1"]
[SourceVersionDate "2014.03.17"]
[SourceQuality "1"]

1. e4 c5 2. Nf3 d6 3. d4 cxd4 4. Nxd4 Nf6 5. Nc3 a6 6. Bg5 e6 7. f4 Qb6 8. Qd3 Qxb2 9. Rb1 Qa3 10. f5 Be7 11. Be2 Qa5 12. Bd2 Qc7 13. fxe6 fxe6 14. g4 h6 15. Qh3 e5 16. Nf5 Bxf5 17. gxf5 Nbd7 18. 0-0 Rf8 19. Bh5+ Kd8 20. Bf3 b5 21. Kh1 Rb8 22. Qg2 Rf7 23. Nd1 Ke8 24. Ne3 Kf8 25. c4 Nc5 26. Nd5 Qd8 27. cxb5 Rxb5 28. Nc3 Rxb1 29. Rxb1 Qc8 30. Be3 Bd8 31. Rd1 Nb7 32. Nd5 Nxd5 33. Rxd5 Qc3 34. Qe2 1/2-1/2

[Event "SM-2010-0-00122"]
[Site "LSS email"]
[Date "2010.09.19"]
[Round "?"]
[White "Deghose, Max"]
[Black "Noskov, Vladimir Valentinov"]
[Result "1/2-1/2"]
[WhiteElo "2263"]
[BlackElo "2202"]
[PlyCount "39"]
[EventDate "2010.09.02"]
[EventType "tourn (corr)"]
[EventRounds "6"]
[EventCountry "GER"]
[SourceTitle "Telechess CBM 143"]
[Source "ChessBase"]
[SourceDate "2011.07.15"]
[SourceVersion "1"]
[SourceVersionDate "2011.07.15"]
[SourceQuality "1"]

1. d4 Nf6 2. c4 e6 3. Nf3 d5 4. Nc3 c6 5. e3 Nbd7 6. Qc2 Bd6 7. g4 h6 8. Rg1 e5 9. cxd5 cxd5 10. Nb5 Bb8 11. g5 hxg5 12. Nxg5 e4 13. Bd2 Nb6 14. Qc5 Bd7 15. Rc1 Bc6 16. Bb4 a6 17. Nd6+ Bxd6 18. Qxd6 Qxd6 19. Bxd6 Rc8 20. b3 1/2-1/2

[Event "LSS SA-2009-0-00090"]
[Site "LSS email"]
[Date "2009.10.18"]
[Round "?"]
[White "Noskov, Vladimir Valentinov"]
[Black "Eijk, Yuri"]
[Result "1-0"]
[WhiteElo "2000"]
[BlackElo "2000"]
[PlyCount "57"]
[EventDate "2009.09.25"]
[EventType "tourn (corr)"]
[EventRounds "6"]
[EventCountry "GER"]
[SourceTitle "Telechess CBM 137"]
[Source "ChessBase"]
[SourceDate "2010.07.15"]
[SourceVersion "1"]
[SourceVersionDate "2010.07.15"]
[SourceQuality "1"]

1. e4 e6 2. d4 d5 3. Nd2 Nf6 4. e5 Nfd7 5. Bd3 c5 6. c3 Nc6 7. Ne2 Qb6 8. Nf3 f6 9. exf6 Nxf6 10. 0-0 Bd7 11. Bf4 Be7 12. dxc5 Qxc5 13. b4 Qb6 14. a4 0-0 15. a5 Qd8 16. a6 b6 17. Qb1 Rc8 18. Re1 Qe8 19. h3 Kh8 20. Ra2 Nd8 21. Be5 Nf7 22. Nf4 Nxe5 23. Nxe5 Bd6 24. Nxd7 Qxd7 25. Nxe6 Rfe8 26. Nd4 Rxc3 27. Rxe8+ Qxe8 28. Nb5 Bb8 29. Nxc3 1-0

[Event "LSS SA-2009-0-00090"]
[Site "LSS email"]
[Date "2009.10.15"]
[Round "?"]
[White "De Waele, Willy"]
[Black "Noskov, Vladimir Valentinov"]
[Result "0-1"]
[WhiteElo "2001"]
[BlackElo "2000"]
[PlyCount "68"]
[EventDate "2009.09.25"]
[EventType "tourn (corr)"]
[EventRounds "6"]
[EventCountry "GER"]
[SourceTitle "Telechess CBM 137"]
[Source "ChessBase"]
[SourceDate "2010.07.15"]
[SourceVersion "1"]
[SourceVersionDate "2010.07.15"]
[SourceQuality "1"]

1. e4 c5 2. Nf3 d6 3. d4 cxd4 4. Nxd4 Nf6 5. Nc3 h6 6. Be3 a6 7. Bc4 e6 8. Qf3 Nbd7 9. Be2 Qc7 10. Qg3 b5 11. a3 h5 12. 0-0-0 h4 13. Qf3 Bb7 14. Bg5 Rc8 15. Bd3 Qb6 16. Qe3 Be7 17. h3 Rxc3 18. bxc3 Qa5 19. Nb3 Qxc3 20. Qe1 Qxe1 21. Rhxe1 d5 22. f3 Bxa3+ 23. Kb1 dxe4 24. fxe4 Bb4 25. Bd2 Bxd2 26. Rxd2 Rh5 27. Kb2 Ke7 28. Rde2 Re5 29. Kc3 Nh5 30. Na5 Ba8 31. Nb3 g5 32. Rd2 Nf4 33. Ra1 Nb8 34. Kd4 Nc6+ 0-1